Normal view MARC view

Entry Nombre personal

Number of records used in: 5

001 - NÚMERO DE CONTROL

  • campo de control: 150914

003 - IDENTIFICADOR DE NÚMERO DE CONTROL

  • campo de control: SpMaBN

005 - FECHA Y HORA DE LA ÚLTIMA TRANSACCIÓN

  • campo de control: 20240123152733.0

008 - ELEMENTOS DE DATO DE LONGITUD-FIJA

  • campo de control de longitud fija: 901120n| aijnnaabn a aaa

016 ## - NÚMERO DE CONTROL DE UNA AGENCIA BIBLIOGRÁFICA NACIONAL

  • Número de control del registro: BNE19900643542

024 7# - IDENTIFICADOR DE OTROS ESTÁNDARES

  • Número estándar o código: http://viaf.org/viaf/63060475/
  • Fuente: viaf

024 7# - IDENTIFICADOR DE OTROS ESTÁNDARES

  • Número estándar o código: https://isni.org/isni/0000000118770239
  • Fuente: isni

040 ## - FUENTE DE CATALOGACIÓN

  • Centro catalogador/agencia de origen: SpMaBN
  • Lengua de catalogación: spa
  • Centro/agencia transcriptor: SpMaBN
  • Normas de descripción: rdc
  • Convención/Normas de encabezamiento de materia/tesauro: embne

046 ## - FECHAS CON CODIFICACIÓN ESPECIAL

  • Fecha de nacimiento: 1952

100 1# - ENCABEZAMIENTO-NOMBRE DE PERSONA

  • Nombre de persona: Romero Sáiz, Miguel,
  • Fechas asociadas al nombre: 1952-

370 ## - LUGAR ASOCIADO

  • Lugar de nacimiento: España, Castilla-La Mancha, Cuenca (Provincia), Boniches

374 ## - OCUPACIÓN

  • Ocupación: Profesores
  • Ocupación: Escritores

375 ## - GÉNERO/SEXO

  • Género: Masculino

377 ## - IDIOMA ASOCIADO

  • Código del idioma: spa
  • Término de lengua/lenguaje: Español

400 1# - TRAZADO DE VÉASE--NOMBRE DE PERSONA

  • Nombre de persona: Romero, Miguel,
  • Fechas asociadas al nombre: 1952-

670 ## - FUENTE DE DATOS ENCONTRADOS

  • Cita de la fuente: Semblanza serrana, 1988
  • Información encontrada: port. (Miguel Romero Sáiz)

670 ## - FUENTE DE DATOS ENCONTRADOS

  • Cita de la fuente: Pueblos y arte: el Campichuelo conquense, 2000
  • Información encontrada: port. (Miguel Romero Sáiz) solapa (n. 15-1-1952 en Boniches; prof. de geografía e historia en secundaria)

670 ## - FUENTE DE DATOS ENCONTRADOS

  • Cita de la fuente: Enjoy Castilla-La Mancha, 2003
  • Información encontrada: v. port. (red. Miguel Romero)

670 ## - FUENTE DE DATOS ENCONTRADOS

  • Cita de la fuente: WWW web del autor, 21-3-2019
  • Información encontrada: (Miguel Romero Sáiz, nace en Boniches (Cuenca) el 5 de enero de 1952, aunque siempre se ha sentido de Cañete, pueblo adoptivo. Licenciado en Geografía e Historia, su trayectoria profesional está dedicada a la docencia, a nivel de Primaria, luego Secundaria y Bachillerato para finalizar en la Universitaria. Es presidente de la Asociación de Escritores de Turismo en Castilla La Mancha)
  • Identificador Uniforme de Recursos: http://www.miguelromerosaiz.com/html/biografia/